[Event "Titled Tuesday intern op 06th Feb Early"]
[Site "Chess.com INT"]
[Date "2024.02.06"]
[Round "4"]
[White "Kuhn, Clement"]
[Black "Filipovic, Slobodan J"]
[Result "1-0"]
[WhiteElo "2333"]
[BlackElo "2191"]
[PlyCount "121"]
[EventDate "2024.02.06"]
[EventType "swiss (blitz)"]
[EventRounds "11"]
[EventCountry "USA"]
[SourceTitle "CB07_2024"]
[SourceDate "2024.02.14"]
[SourceVersion "1"]
[SourceVersionDate "2024.02.14"]
[SourceQuality "1"]

1. d4 e6 2. Nf3 Nf6 3. Bf4 d5 4. e3 c5 5. c3 Nc6 6. Nbd2 cxd4 7. exd4 Qb6 8. Qb3 Bd7 9. Bd3 Na5 10. Qc2 Bb5 11. 0-0 Bxd3 12. Qxd3 Be7 13. b4 Nc6 14. a4 a6 15. a5 Qd8 16. Nb3 Ne4 17. Nfd2 Nxd2 18. Bxd2 0-0 19. f4 g6 20. g3 Bd6 21. Kg2 Rc8 22. b5 Nb8 23. Rfb1 Qd7 24. bxa6 bxa6 25. Be3 Rc6 26. Nc5 Bxc5 27. dxc5 Rfc8 28. Bd4 R6c7 29. Rb6 Nc6 30. Qxa6 f6 31. Bxf6 d4 32. Qc4 dxc3 33. Bxc3 Ne7 34. Qxe6+ Qxe6 35. Rxe6 Nd5 36. Bd4 Nb4 37. Re2 Nd3 38. a6 Nxc5 39. a7 Nb3 40. a8Q Rxa8 41. Rxa8+ Kf7 42. Be5 Rb7 43. Rb8 Rxb8 44. Bxb8 Nd4 45. Rd2 Nf5 46. Be5 h5 47. h3 Ke6 48. g4 hxg4 49. hxg4 Ne3+ 50. Kf3 Nc4 51. Rc2 Na3 52. Rc6+ Kf7 53. Rf6+ Ke7 54. Rxg6 Nc2 55. Ke4 Ne1 56. Rg7+ Kf8 57. Ra7 Nc2 58. g5 Ke8 59. g6 Nb4 60. g7 Nc6 61. g8R# 1-0

[Event "Titled Tuesday intern op 09th Jan Early"]
[Site "Chess.com INT"]
[Date "2024.01.09"]
[Round "11"]
[White "Rose, Felix"]
[Black "Filipovic, Slobodan J"]
[Result "1-0"]
[WhiteElo "2091"]
[BlackElo "2191"]
[PlyCount "61"]
[EventDate "2024.01.09"]
[EventType "swiss (blitz)"]
[EventRounds "11"]
[EventCountry "USA"]
[SourceTitle "CB03_2024"]
[SourceDate "2024.01.17"]
[SourceVersion "1"]
[SourceVersionDate "2024.01.17"]
[SourceQuality "1"]

1. e4 c5 2. Nf3 Nc6 3. d4 cxd4 4. Nxd4 e5 5. Nb5 d6 6. N1c3 a6 7. Na3 b5 8. Nab1 Nge7 9. Bg5 h6 10. Bxe7 Bxe7 11. a4 b4 12. Nd5 Bg5 13. c3 a5 14. Bb5 Bd7 15. cxb4 axb4 16. 0-0 0-0 17. Nd2 Nd4 18. Bxd7 Bxd2 19. Qxd2 Nb3 20. Qd1 Nxa1 21. Bb5 f5 22. exf5 Rxf5 23. Qg4 Rg5 24. Qe6+ Kh8 25. Rxa1 e4 26. Qxe4 Re5 27. Qf3 Qg5 28. Ne3 Rxb5 29. Qxa8+ Kh7 30. axb5 Qxg2+ 31. Qxg2 1-0

[Event "Titled Tuesday intern op 09th Jan Early"]
[Site "Chess.com INT"]
[Date "2024.01.09"]
[Round "9"]
[White "Sasvatha, A."]
[Black "Filipovic, Slobodan J"]
[Result "1-0"]
[WhiteElo "1749"]
[BlackElo "2191"]
[PlyCount "119"]
[EventDate "2024.01.09"]
[EventType "swiss (blitz)"]
[EventRounds "11"]
[EventCountry "USA"]
[SourceTitle "CB03_2024"]
[SourceDate "2024.01.17"]
[SourceVersion "1"]
[SourceVersionDate "2024.01.17"]
[SourceQuality "1"]

1. e4 c5 2. Nf3 Nc6 3. d4 cxd4 4. Nxd4 e5 5. Nb3 Nf6 6. Bd3 d5 7. exd5 Nxd5 8. 0-0 Ndb4 9. Be4 Qxd1 10. Rxd1 Bg4 11. Re1 Be6 12. c3 Nd5 13. N1d2 f6 14. Nf3 Be7 15. h3 0-0 16. Nfd2 Rfd8 17. a3 Rac8 18. c4 Nf4 19. Re3 a5 20. Bxc6 bxc6 21. Nxa5 Bc5 22. Rf3 Ne2+ 23. Kf1 Nxc1 24. Rxc1 Rxd2 25. Nb3 Rxb2 26. Nxc5 Bf7 27. Rb3 Ra2 28. Nb7 Ra1 29. Rxa1 Bxc4+ 30. Ke1 Bxb3 31. a4 c5 32. a5 c4 33. a6 c3 34. a7 Bd5 35. a8Q Rxa8 36. Rxa8+ Kf7 37. Nd8+ Ke7 38. Rc8 Kd7 39. Rxc3 e4 40. Rc5 Kd6 41. Rxd5+ Kxd5 42. Nb7 Kc6 43. Na5+ Kb5 44. Nb3 Kc4 45. Nd2+ Kd3 46. Nf1 f5 47. Ng3 f4 48. Nh5 g5 49. Nf6 h6 50. Ng8 h5 51. Nf6 h4 52. Nh7 g4 53. hxg4 f3 54. Ng5 fxg2 55. Nh3 e3 56. g5 Ke4 57. fxe3 Kf5 58. Kf2 Kg4 59. Kxg2 Kf5 60. Kf3 1-0

[Event "EU-Cup 32nd"]
[Site "Novi Sad"]
[Date "2016.11.06"]
[Round "1.4"]
[White "Holm, Kristian Stuvik"]
[Black "Filipovic, Slobodan J"]
[Result "1-0"]
[WhiteElo "2420"]
[BlackElo "2263"]
[PlyCount "79"]
[EventDate "2016.11.06"]
[EventType "team-swiss"]
[EventRounds "7"]
[EventCountry "SRB"]
[SourceTitle "CBM 176"]
[Source "ChessBase"]
[SourceDate "2017.01.17"]
[SourceVersion "1"]
[SourceVersionDate "2017.01.17"]
[SourceQuality "1"]
[WhiteTeam "Vaalerenga"]
[BlackTeam "Bonnevoie Gambit"]
[WhiteTeamCountry "NOR"]
[BlackTeamCountry "LUX"]

1. d4 Nf6 2. c4 g6 3. g3 c6 4. Bg2 d5 5. e3 Bg7 6. Ne2 0-0 7. 0-0 b6 8. b3 Ba6 9. Nd2 Nbd7 10. Bb2 Rc8 11. a4 e5 12. a5 b5 13. dxe5 Ng4 14. cxd5 cxd5 15. b4 Ndxe5 16. Nf4 Bb7 17. a6 Ba8 18. Bd4 Rc7 19. Qe2 Qd7 20. Bh3 f5 21. Nb3 Rc4 22. Bg2 Re8 23. Nc5 Qf7 24. Nb7 Nf6 25. Nd6 Qd7 26. Nxe8 Nxe8 27. Rad1 Nc7 28. Qa2 Nc6 29. Bc5 Nb8 30. Bxa7 Nbxa6 31. Bb6 Nxb4 32. Qa7 Qc8 33. Bxc7 Rxc7 34. Qa5 Bc3 35. Qxb5 Rc5 36. Qb6 Rc6 37. Nxd5 Kf8 38. Qa7 Nxd5 39. Bxd5 Bb7 40. Rb1 1-0